000 00848nam a2200289Ia 4500
003 OSt
005 20220912150443.0
006 a|||||r|||| 00| 0
007 ta
008 220909b |||||||| |||| 00| 0 eng d
020 _a0521795494 (pbk)
024 _a8760
037 _bDhanraj,
037 _cTextual
040 _aCSL
_beng
_cCSL
041 _aeng
082 _aE9G:24, P1;1
100 _aHaynie Donald T
245 0 _aBiological thermodynamics
260 _aCambridge
_bCambridge University Press
_c2001
300 _axv, 379p.
_ccm.
500 _aIncludes bibliographical references; Appendix A-D, 331-362p; Glossary 363-372p; Indexes 373-379p
650 _a Chemical thermodynamics
650 _aBiochemistry
942 _hE9G:24, P1;1
_cTEXL
_2CC
999 _c47753
_d47753